Agriculture and rural economy/ (Record no. 34846)

MARC details
000 -LEADER
fixed length control field 01153nam a22002897a 4500
005 - DATE AND TIME OF LATEST TRANSACTION
control field 20100323151636.0
008 - FIXED-LENGTH DATA ELEMENTS--GENERAL INFORMATION
fixed length control field 100323t xxu||||| |||| 00| 0 eng d
010 ## - LCCN (DPL NO)
LC control number ENG-95926
020 ## - INTERNATIONAL STANDARD BOOK NUMBER
International Standard Book Number 9788184840360
Terms of availability 880.00
035 ## - SYSTEM CONTROL NUMBER
System control number EN-79459
037 ## - SOURCE OF ACQUISITION
Source of stock number/acquisition DBAD/PUB
040 ## - CATALOGING SOURCE
Original cataloging agency DPL
082 ## - DEWEY DECIMAL CLASSIFICATION NUMBER
Classification number 338.10954
245 ## - TITLE STATEMENT
Title Agriculture and rural economy/
Statement of responsibility, etc edited by Rajan Kumar Sahoo and Gyanindra Dash
260 ## - PUBLICATION, DISTRIBUTION, ETC. (IMPRINT)
Place of publication, distribution, etc New Delhi
Name of publisher, distributor, etc Regal Publications
Date of publication, distribution, etc 2009
270 ## - ADDRESS
Address F-159, Rajouri Garden
City New Delhi
Postal code 110027
300 ## - PHYSICAL DESCRIPTION
Extent xvi, 240p. :
Dimensions 24 cm. (Hb)
Other physical details ill
500 ## - GENERAL NOTE
General note Includes bibliographical references and index.
520 ## - SUMMARY, ETC.
Summary, etc Proceedings of a national seminar held at Kendrapara on 17th February 2008.
650 ## - SUBJECT ADDED ENTRY--TOPICAL TERM
Topical term or geographic name as entry element Agriculture
General subdivision Economic aspects
Geographic subdivision India
650 ## - SUBJECT ADDED ENTRY--TOPICAL TERM
Topical term or geographic name as entry element Rural development
Geographic subdivision India
650 ## - SUBJECT ADDED ENTRY--TOPICAL TERM
Topical term or geographic name as entry element Agriculture and state
Geographic subdivision India
700 ## - ADDED ENTRY--PERSONAL NAME
Personal name Sahoo, Rajan Kumar
700 ## - ADDED ENTRY--PERSONAL NAME
Personal name Dash Gyanindra
942 ## - ADDED ENTRY ELEMENTS (KOHA)
Source of classification or shelving scheme Dewey Decimal Classification
Item type English Books
Call number suffix AGR
Classification part 338.10954
Holdings
Withdrawn status Lost status Source of classification or shelving scheme Materials specified (bound volume or other part) Damaged status Not for loan Collection code Home library Current library Date acquired Source of acquisition Cost, normal purchase price Total Checkouts Full call number Barcode Date last seen Copy number Cost, replacement price Koha item type
    Dewey Decimal Classification Hb   Not For Loan Non-fiction D.B.Act.Division D.B.Act.Division 23/02/2010 DBAD/PUB 880.00   338.10954 AGA EN-79459 23/03/2010 1 880.00 English Books

© Delhi Public Library
Hit Counter
free hit counter